zpět

Detail výsledku týmu

Mama Shelter - Holešovice, Praha

Datum a čas kvízu

24.5 Celkem bodů Celkový počet nahraných bodů na tomto kvízu bez doplňovacích otázek.
12. Pořadí na kvízu Konečné umístění týmu na tomto kvízu.

Zaznamenané odpovědi

# Otázka Odpověď Body Výsledky
1. Při úterním zasedání Sněmovny... bojový letoun (F-35) 1
2. Nepálské úřady minulý týden oz... C) pytlíkem na výkaly 1
3. Angličan Paul Gibbons tvrdí, ž... tank 1
4. Která automobilka získala s je... Mercedes 0
5. V noci z neděle na pondělí se... Kansas City (Chiefs), San Francisco (49ers) 1
6. Vítězné téma facebookového hla... 1C 2A 3B 4D 0
7. Dne 4. ledna 1997 došlo ke sňa... Havel, Veškrnová 0
8. Říká vám něco jméno herečky Šá... Irenka (Irena) 0
9. V roce 1994 vyšel první díl he... Tekken 1
10. Ke které obci se v souvislosti... Drnovice 0